[Event "Druga liga Srbije grupa Vojvodina 2012"]
[Site "Kac"]
[Date "2012.10.17"]
[Round "5.1"]
[White "Sertic, Rudolf"]
[Black "Kosic, Dragan"]
[Result "1/2-1/2"]
[WhiteElo "2397"]
[BlackElo "2509"]
[PlyCount "21"]
[EventDate "2012.10.14"]

1. d4 e6 2. Nf3 Nf6 3. g3 b5 4. Bg2 Bb7 5. O-O d5 6. Nbd2 Nbd7 7. e4 Nxe4 8.
Nxe4 dxe4 9. Ng5 Nf6 10. Re1 Be7 11. Nxe4 1/2-1/2

[Event "Druga liga Srbije grupa Vojvodina 2012"]
[Site "Kac"]
[Date "2012.10.17"]
[Round "5.1"]
[White "Laketic, Gojko"]
[Black "Vujadinovic, Goran"]
[Result "1/2-1/2"]
[WhiteElo "2435"]
[BlackElo "2365"]
[PlyCount "37"]
[EventDate "2012.10.14"]

1. d4 d6 2. Nf3 g6 3. c4 Bg7 4. Nc3 Bg4 5. e3 c5 6. d5 Bxc3+ 7. bxc3 Qa5 8. Qb3
Nf6 9. Nd2 Bc8 10. e4 Nbd7 11. Be2 O-O 12. O-O Re8 13. f4 Kg7 14. h3 e6 15. Qc2
Qc7 16. Nf3 exd5 17. exd5 Ne4 18. Kh2 f5 19. Bd3 1/2-1/2

[Event "Druga liga Srbije grupa Vojvodina 2012"]
[Site "Kac"]
[Date "2012.10.17"]
[Round "5.1"]
[White "Kolognat, Petar"]
[Black "Kosanovic, Goran A"]
[Result "1/2-1/2"]
[WhiteElo "2267"]
[BlackElo "2363"]
[PlyCount "28"]
[EventDate "2012.10.14"]

1. e4 c5 2. c3 e6 3. d4 d5 4. exd5 exd5 5. Nf3 Nc6 6. Be2 Bd6 7. dxc5 Bxc5 8.
O-O Nge7 9. Nbd2 O-O 10. Nb3 Bb6 11. Bd3 Bf5 12. Bxf5 Nxf5 13. Qd3 Qd7 14. Bf4
Rfe8 1/2-1/2

[Event "Druga liga Srbije grupa Vojvodina 2012"]
[Site "Kac"]
[Date "2012.10.17"]
[Round "5.1"]
[White "Drazic, Sinisa"]
[Black "Mastrapovic, Vladimir"]
[Result "1-0"]
[WhiteElo "2511"]
[BlackElo "2284"]
[PlyCount "115"]
[EventDate "2012.10.14"]

1. e4 c5 2. Nf3 Nc6 3. d4 cxd4 4. Nxd4 Nf6 5. Nc3 d6 6. Bg5 e5 7. Nb3 Be7 8.
Qd2 h6 9. Bxf6 Bxf6 10. g3 Bg4 11. Be2 Bg5 12. Qd3 Be6 13. h4 Be7 14. Nd5 Qd7
15. O-O-O O-O-O 16. Kb1 Kb8 17. Qe3 Rc8 18. Rd2 Bxd5 19. Rxd5 Nb4 20. Rd2 Qc6
21. Rc1 Qa4 22. a3 Na6 23. Rd5 Nc5 24. Nxc5 Rxc5 25. Rxc5 dxc5 26. Qf3 f6 27.
Qg4 g5 28. Qe6 Bd8 29. Qd6+ Ka8 30. Rd1 Qa5 31. h5 Qb6 32. Bc4 Qxd6 33. Rxd6
Kb8 34. Rd7 a6 35. a4 Kc8 36. Be6 Kb8 37. Bd5 b6 38. Rf7 b5 39. axb5 axb5 40.
Rb7+ Kc8 41. Rxb5 Bc7 42. Rxc5 Kd7 43. Rc6 Bd6 44. g4 Rb8 45. Ra6 Rb4 46. c3
Rb8 47. Kc2 Rc8 48. Kd3 Rb8 49. b3 Rc8 50. b4 Rb8 51. Ra7+ Bc7 52. Kc4 Kd6 53.
Kb3 f5 54. gxf5 g4 55. f6 Bb6 56. Ra6 Kc7 57. f7 Bxf2 58. Ra8 1-0

[Event "Druga liga Srbije grupa Vojvodina 2012"]
[Site "Kac"]
[Date "2012.10.17"]
[Round "5.1"]
[White "Marcak, Dejan"]
[Black "Tesic, Dragan"]
[Result "0-1"]
[WhiteElo "2152"]
[BlackElo "2346"]
[PlyCount "59"]
[EventDate "2012.10.14"]

1. e4 c5 2. d4 cxd4 3. c3 Nf6 4. e5 Nd5 5. cxd4 d6 6. Nf3 Nc6 7. Bc4 Nb6 8. Bb5
dxe5 9. Nxe5 Bd7 10. Bxc6 Bxc6 11. Nxc6 bxc6 12. O-O e6 13. Nc3 Be7 14. Bf4 O-O
15. Rc1 Rc8 16. Be5 Re8 17. Qg4 Bf8 18. Rfe1 Nd7 19. Re3 Nxe5 20. Rxe5 Qb6 21.
b3 Red8 22. Rd1 Qb4 23. Ne4 f5 24. Nf6+ Kh8 25. Qh4 gxf6 26. Re3 Qe7 27. Rde1
Rd6 28. Rf3 Qf7 29. Rh3 Rcd8 30. Qg3 0-1

[Event "Druga liga Srbije grupa Vojvodina 2012"]
[Site "Kac"]
[Date "2012.10.17"]
[Round "5.2"]
[White "Varga, Zoltan"]
[Black "Popov, Stevan"]
[Result "1-0"]
[WhiteElo "2455"]
[BlackElo "2204"]
[PlyCount "113"]
[EventDate "2012.10.14"]

1. e4 e5 2. Nf3 Nc6 3. Bb5 a6 4. Ba4 Nf6 5. d3 Bc5 6. Be3 Bxe3 7. fxe3 d6 8.
Nc3 O-O 9. Qe2 b5 10. Bb3 Rb8 11. Qd2 Na5 12. O-O c5 13. Nd5 Nxb3 14. axb3 Nxd5
15. exd5 h6 16. e4 f5 17. exf5 Rxf5 18. Qe3 Bb7 19. c4 Qf6 20. Nd2 Rf8 21. Rxf5
Qxf5 22. Rf1 Qd7 23. Ne4 Rxf1+ 24. Kxf1 Bc8 25. Qg3 Kf7 26. Ke1 Qe7 27. Qf3+
Kg8 28. Kd2 b4 29. h3 Bd7 30. g4 a5 31. Ke2 Bc8 32. Kf1 Bd7 33. Kg2 Bc8 34. Kg3
Bd7 35. Qf2 Bc8 36. Qf1 Bd7 37. Qa1 h5 38. Qxa5 Qf8 39. Qc7 Qf4+ 40. Kg2 hxg4
41. Qd8+ Kh7 42. Qh4+ Kg8 43. hxg4 Bxg4 44. Qg5 Be2 45. Qxf4 exf4 46. Nxd6 Bxd3
47. Nb7 g5 48. Nxc5 Bc2 49. Ne6 Kf7 50. Nxg5+ Ke7 51. c5 Bxb3 52. d6+ Kd7 53.
Kf3 Kc6 54. Kxf4 Ba4 55. Ne4 Kd5 56. Ke3 Kc4 57. Nf6 1-0

[Event "Druga liga Srbije grupa Vojvodina 2012"]
[Site "Kac"]
[Date "2012.10.17"]
[Round "5.2"]
[White "Jovanovic, Milenko"]
[Black "Cabarkapa, Novak"]
[Result "1/2-1/2"]
[WhiteElo "2192"]
[BlackElo "2244"]
[PlyCount "57"]
[EventDate "2012.10.14"]

1. d4 Nf6 2. c4 g6 3. Nc3 Bg7 4. g3 d5 5. Bg2 dxc4 6. Qa4+ Nfd7 7. Qxc4 Nb6 8.
Qd3 O-O 9. e3 Nc6 10. Nge2 a5 11. O-O a4 12. Qd1 Ra5 13. Bd2 Nc4 14. Rb1 Bf5
15. Ne4 Nxd2 16. Qxd2 e5 17. Rbc1 exd4 18. Rxc6 Re5 19. Rc4 Bxe4 20. Rxd4 Qe8
21. Bxe4 Rxe4 22. Rb4 Rxb4 23. Qxb4 b6 24. Nc3 Bxc3 25. Qxc3 Qd7 26. h4 h5 27.
Rc1 c5 28. Qf6 Qd8 29. Qc3 1/2-1/2

[Event "Druga liga Srbije grupa Vojvodina 2012"]
[Site "Kac"]
[Date "2012.10.17"]
[Round "5.2"]
[White "Vidic, Stevan"]
[Black "Rajic, Dobrivoje"]
[Result "1/2-1/2"]
[WhiteElo "2288"]
[BlackElo "2105"]
[PlyCount "42"]
[EventDate "2012.10.14"]

1. d4 Nf6 2. c4 e6 3. Nf3 b6 4. g3 Bb7 5. Bg2 Be7 6. O-O O-O 7. Nc3 Ne4 8. Qc2
Nxc3 9. Qxc3 Be4 10. b3 Bf6 11. Bb2 d6 12. Rfd1 Nd7 13. Rac1 c5 14. Qd2 Be7 15.
dxc5 bxc5 16. Qf4 Bc6 17. Qd2 a5 18. Qc3 Bf6 19. Qc2 Qc7 20. Qd2 Be7 21. Qc3
Bf6 1/2-1/2

[Event "Druga liga Srbije grupa Vojvodina 2012"]
[Site "Kac"]
[Date "2012.10.17"]
[Round "5.2"]
[White "Mamuzic, Mirko"]
[Black "Kovacevic, Slavko"]
[Result "1-0"]
[WhiteElo "2248"]
[BlackElo "2187"]
[PlyCount "111"]
[EventDate "2012.10.14"]

1. b4 Nf6 2. Bb2 d5 3. e3 e6 4. a3 a6 5. Nf3 b6 6. Be2 Bb7 7. O-O Nbd7 8. d3
Bd6 9. Nbd2 O-O 10. c4 c6 11. Qc2 Rc8 12. d4 dxc4 13. Nxc4 Be7 14. Rfd1 Qc7 15.
Rac1 Qb8 16. Nce5 Rfd8 17. Nxf7 Kxf7 18. Ng5+ Kg8 19. Bc4 Nf8 20. Nxe6 Nxe6 21.
Bxe6+ Kh8 22. Bxc8 Qxc8 23. e4 Qd7 24. Re1 h6 25. Qb3 Rf8 26. h3 Nh5 27. Qc3
Bf6 28. Rcd1 Nf4 29. Re3 Rd8 30. Qc2 Rf8 31. Rf3 Ne6 32. d5 Ng5 33. Rf5 cxd5
34. Bxf6 gxf6 35. exd5 Qd6 36. h4 Nf7 37. Qc3 Ne5 38. Qe3 Kh7 39. Qe4 Kg7 40.
h5 Bc8 41. Rf4 f5 42. Qe3 Bd7 43. g3 Ng4 44. Qc3+ Nf6 45. Rc4 Kh7 46. Qf3 Rf7
47. Rc3 Rg7 48. Re3 f4 49. Rc3 Kh8 50. Rd4 fxg3 51. fxg3 Qe5 52. Rf4 Nxd5 53.
Rf8+ Rg8 54. Rd3 Bc6 55. Rxg8+ Kxg8 56. Qg4+ $138 1-0

[Event "Druga liga Srbije grupa Vojvodina 2012"]
[Site "Kac"]
[Date "2012.10.17"]
[Round "5.2"]
[White "Zolotic, Zoran"]
[Black "Brindza, Istvan"]
[Result "1-0"]
[WhiteElo "2237"]
[BlackElo "2014"]
[PlyCount "95"]
[EventDate "2012.10.14"]

1. d4 d5 2. c4 e6 3. Nc3 Nf6 4. Bg5 Nbd7 5. e3 c6 6. cxd5 exd5 7. Bd3 Be7 8.
Nge2 h6 9. Bh4 O-O 10. Qc2 Re8 11. O-O Ne4 12. Bg3 Nxc3 13. bxc3 Nf6 14. Rfb1
Bd6 15. c4 dxc4 16. Bxc4 Ne4 17. Bd3 Bxg3 18. hxg3 Qe7 19. Bxe4 Qxe4 20. Qxe4
Rxe4 21. Nc3 Re7 22. e4 Be6 23. Rd1 Rc8 24. Rd2 Rec7 25. f3 Kf8 26. Kf2 Ke7 27.
g4 f6 28. Nd1 Rd8 29. Ne3 Rcd7 30. Rad1 Rc7 31. f4 Kf8 32. g3 Rd6 33. f5 Bf7
34. e5 fxe5 35. dxe5 Rxd2+ 36. Rxd2 Bd5 37. e6 b5 38. Nxd5 cxd5 39. Rxd5 Rb7
40. Ke3 Ke7 41. Kd4 b4 42. Kc5 b3 43. axb3 Rxb3 44. Rd7+ Kf8 45. Rf7+ Kg8 46.
Rxa7 Rd3 47. Ra8+ Kh7 48. e7 1-0

[Event "Druga liga Srbije grupa Vojvodina 2012"]
[Site "Kac"]
[Date "2012.10.17"]
[Round "5.3"]
[White "Roganovic, Milos"]
[Black "Indjic, Dusan"]
[Result "1/2-1/2"]
[WhiteElo "2518"]
[BlackElo "2287"]
[PlyCount "63"]
[EventDate "2012.10.14"]

1. e4 c5 2. Nf3 Nc6 3. d4 cxd4 4. Nxd4 Nf6 5. Nc3 d6 6. Bg5 a6 7. Qd2 e6 8.
O-O-O Be7 9. f4 Nxd4 10. Qxd4 b5 11. Be2 O-O 12. Bf3 Bb7 13. h4 Qc7 14. h5 e5
15. Qd3 b4 16. Nd5 Bxd5 17. exd5 h6 18. Bh4 exf4 19. Rhe1 Rfe8 20. Re2 Bf8 21.
Bxf6 Rxe2 22. Qxe2 gxf6 23. Rd4 Qc5 24. Rxf4 Kg7 25. Rc4 Qg1+ 26. Qd1 Qe3+ 27.
Kb1 a5 28. Re4 Qa7 29. Qd4 Qxd4 30. Rxd4 f5 31. Rd2 a4 32. Re2 1/2-1/2

[Event "Druga liga Srbije grupa Vojvodina 2012"]
[Site "Kac"]
[Date "2012.10.17"]
[Round "5.3"]
[White "Petakov, Uros"]
[Black "Sipos, Istvan"]
[Result "1/2-1/2"]
[WhiteElo "2338"]
[BlackElo "2459"]
[PlyCount "33"]
[EventDate "2012.10.14"]

1. d4 Nf6 2. Nf3 g6 3. Nc3 d5 4. g3 Bg7 5. Bg2 O-O 6. O-O c6 7. a4 Bf5 8. h3
Ne4 9. Nxe4 Bxe4 10. Ne5 Bxg2 11. Kxg2 Nd7 12. Nxd7 Qxd7 13. Qd3 Rad8 14. c3
Rfe8 15. Bf4 Qc8 16. Rfe1 c5 17. dxc5 1/2-1/2

[Event "Druga liga Srbije grupa Vojvodina 2012"]
[Site "Kac"]
[Date "2012.10.17"]
[Round "5.3"]
[White "Bulajic, Ratko"]
[Black "Stanojevic, Branko"]
[Result "1/2-1/2"]
[WhiteElo "2331"]
[BlackElo "2312"]
[PlyCount "24"]
[EventDate "2012.10.14"]

1. d4 Nf6 2. c4 c5 3. d5 b5 4. Qc2 g6 5. e4 d6 6. cxb5 Bg7 7. Nc3 O-O 8. a4 Re8
9. Bc4 Qa5 10. Bd2 Nbd7 11. h3 Ne5 12. Be2 Bb7 1/2-1/2

[Event "Druga liga Srbije grupa Vojvodina 2012"]
[Site "Kac"]
[Date "2012.10.17"]
[Round "5.3"]
[White "Kovacevic, Dragan"]
[Black "Dekic, Josip"]
[Result "1/2-1/2"]
[WhiteElo "2216"]
[BlackElo "2297"]
[PlyCount "53"]
[EventDate "2012.10.14"]

1. e4 c5 2. Nf3 Nc6 3. Bb5 g6 4. O-O Bg7 5. Re1 Nf6 6. h3 O-O 7. c3 d6 8. d3
Bd7 9. Nbd2 a6 10. Bxc6 Bxc6 11. Nf1 c4 12. Nd4 cxd3 13. Nxc6 bxc6 14. Qxd3 Nd7
15. Be3 Ne5 16. Qe2 c5 17. f4 Nc6 18. Rad1 Qa5 19. a3 Qb5 20. Qf2 Rab8 21. Re2
Qa4 22. Rde1 Qxe4 23. Bxc5 Qa4 24. Be3 e6 25. Nh2 Na5 26. Nf3 Nb3 27. Qh4
1/2-1/2

[Event "Druga liga Srbije grupa Vojvodina 2012"]
[Site "Kac"]
[Date "2012.10.17"]
[Round "5.3"]
[White "Strangar, Zlatko"]
[Black "Okilj, Tigran"]
[Result "1/2-1/2"]
[WhiteElo "2221"]
[BlackElo "2089"]
[PlyCount "64"]
[EventDate "2012.10.14"]

1. e4 d6 2. d4 Nf6 3. Bd3 g6 4. Nf3 Bg7 5. O-O O-O 6. h3 Nbd7 7. Re1 e5 8. c3
c6 9. a4 Re8 10. Nbd2 d5 11. exd5 Nxd5 12. dxe5 Nxe5 13. Nxe5 Rxe5 14. Rxe5
Bxe5 15. Nf3 Bf6 16. Bh6 Be6 17. Qd2 Qd7 18. Ng5 Bg7 19. Bxg7 Kxg7 20. Re1 Nc7
21. Qe3 Re8 22. Qg3 Bf5 23. Rxe8 Nxe8 24. Bc4 f6 25. Nf3 Nd6 26. Bb3 Be6 27.
Bxe6 Qxe6 28. Qf4 c5 29. b4 b6 30. a5 Qd5 31. axb6 axb6 32. bxc5 bxc5 1/2-1/2

[Event "Druga liga Srbije grupa Vojvodina 2012"]
[Site "Kac"]
[Date "2012.10.17"]
[Round "5.3"]
[White "Skoko, Milan"]
[Black "Roganovic, Nebojsa"]
[Result "0-1"]
[WhiteElo "2204"]
[BlackElo "2204"]
[PlyCount "20"]
[EventDate "2012.10.14"]

1. e4 d5 2. exd5 Nf6 3. d4 Nxd5 4. Nf3 g6 5. Be2 Bg7 6. h3 O-O 7. c4 Nb6 8. O-O
Nc6 9. Be3 e5 10. d5 e4 {mobitel!} 0-1

[Event "Druga liga Srbije grupa Vojvodina 2012"]
[Site "Kac"]
[Date "2012.10.17"]
[Round "5.4"]
[White "Onjin, Branko"]
[Black "Stupavski, Zdenko"]
[Result "0-1"]
[WhiteElo "2005"]
[BlackElo "2407"]
[PlyCount "70"]
[EventDate "2012.10.14"]

1. c4 Nc6 2. Nc3 e5 3. Nf3 Nf6 4. g3 g6 5. Bg2 Bg7 6. O-O d6 7. d4 exd4 8. Nxd4
Bd7 9. Nxc6 Bxc6 10. Bxc6+ bxc6 11. Bg5 h6 12. Bxf6 Bxf6 13. Qd2 Bg7 14. Rac1
O-O 15. b4 Re8 16. a4 h5 17. b5 Qd7 18. e3 Bxc3 19. Rxc3 Re5 20. Qd4 Rc5 21.
Rd1 Qe6 22. Rb1 Re8 23. bxc6 a6 24. Rb7 Rxc6 25. c5 Qe4 26. Qb4 Qf3 27. Rb8
Rxb8 28. Qxb8+ Kh7 29. Qe8 Rxc5 30. Rxc5 dxc5 31. Qd7 c6 32. Qd3 Qd5 33. Qxa6
c4 34. Qb7 c3 35. e4 Qc4 0-1

[Event "Druga liga Srbije grupa Vojvodina 2012"]
[Site "Kac"]
[Date "2012.10.17"]
[Round "5.4"]
[White "Marjanovic, Dejan"]
[Black "Ilic, Aleksandar"]
[Result "1-0"]
[WhiteElo "2219"]
[BlackElo "2110"]
[PlyCount "63"]
[EventDate "2012.10.14"]

1. e4 e5 2. Nf3 Nc6 3. Nc3 Nf6 4. g3 Be7 5. Bg2 d6 6. h3 h6 7. O-O Be6 8. d4
exd4 9. Nxd4 Nxd4 10. Qxd4 Qc8 11. Kh2 O-O 12. Be3 Re8 13. Rae1 c6 14. f4 d5
15. f5 c5 16. Qd1 d4 17. fxe6 Qxe6 18. e5 dxe3 19. exf6 Bxf6 20. Qf3 Bxc3 21.
bxc3 Rab8 22. Qf5 Qxf5 23. Rxf5 b6 24. Bd5 Re7 25. Kg2 Rd8 26. c4 g6 27. Rf4
Kg7 28. Kf3 Rde8 29. g4 f6 30. Re4 Rxe4 31. Bxe4 Re5 32. Rxe3 1-0

[Event "Druga liga Srbije grupa Vojvodina 2012"]
[Site "Kac"]
[Date "2012.10.17"]
[Round "5.4"]
[White "Pezelj, Novak"]
[Black "Zobenica, Ivan"]
[Result "1-0"]
[WhiteElo "2310"]
[BlackElo "2042"]
[PlyCount "73"]
[EventDate "2012.10.14"]

1. e4 d6 2. d4 c6 3. Nf3 Nf6 4. Bd3 Bg4 5. h3 Bh5 6. Nbd2 Nbd7 7. c3 e5 8. O-O
Be7 9. Re1 O-O 10. Nf1 Re8 11. Ng3 Bg6 12. Qc2 Rc8 13. Be3 Bf8 14. Rad1 Qc7 15.
dxe5 dxe5 16. Nh4 Nc5 17. Bg5 Nfd7 18. b4 Nxd3 19. Qxd3 Nb6 20. a3 f6 21. Nxg6
hxg6 22. Be3 c5 23. Qe2 Qf7 24. Qg4 Red8 25. Bxc5 Bxc5 26. bxc5 Na4 27. c4 Nxc5
28. Rd5 Ne6 29. Red1 Re8 30. Rd7 Re7 31. Rxe7 Qxe7 32. Qxg6 Nf8 33. Qg4 Rxc4
34. Nf5 Qc7 35. Rd8 Rd4 36. Rc8 Qd7 37. Qg6 1-0

[Event "Druga liga Srbije grupa Vojvodina 2012"]
[Site "Kac"]
[Date "2012.10.17"]
[Round "5.4"]
[White "Subotic, Srbislav"]
[Black "Blagojevic, Srdjan"]
[Result "0-1"]
[WhiteElo "2180"]
[BlackElo "2148"]
[PlyCount "112"]
[EventDate "2012.10.14"]

1. e4 c5 2. Nc3 e6 3. Nge2 Nc6 4. d4 cxd4 5. Nxd4 Qc7 6. Be2 a6 7. O-O Nf6 8.
a3 Be7 9. Be3 Ne5 10. Bf4 d6 11. a4 b6 12. Bxe5 dxe5 13. Nb3 Bb7 14. Bd3 O-O
15. Qe2 Nd7 16. Qg4 Rfd8 17. Ne2 Nf6 18. Qf3 Rd7 19. h3 Rad8 20. Nc3 Bb4 21.
Na2 Bf8 22. Qe2 Ra8 23. Nc3 Qc6 24. g3 Bb4 25. Na2 Qxa4 26. Nxb4 Qxb4 27. f3 a5
28. Bb5 Rc7 29. Ra4 Qe7 30. Rd1 Rac8 31. c3 Nh5 32. Qf2 Bc6 33. Bxc6 Rxc6 34.
Raa1 h6 35. Rd2 Rd8 36. Rad1 Rxd2 37. Rxd2 a4 38. Nc1 Qg5 39. Kh2 Nxg3 40. Rd1
Nh5 41. Ne2 Nf4 42. Nxf4 Qxf4+ 43. Kg2 a3 44. bxa3 Rxc3 45. Ra1 f5 46. exf5
exf5 47. Qa2+ Kh7 48. Rf1 Rd3 49. Rf2 Qg5+ 50. Kf1 Qe3 51. Qc2 e4 52. f4 Qxh3+
53. Ke2 Qg4+ 54. Ke1 Re3+ 55. Kd2 Qg3 56. Re2 Rd3+ 0-1

[Event "Druga liga Srbije grupa Vojvodina 2012"]
[Site "Kac"]
[Date "2012.10.17"]
[Round "5.4"]
[White "Banovic, Ivan"]
[Black "Indjic, Stefan"]
[Result "0-1"]
[WhiteElo "2148"]
[BlackElo "2066"]
[PlyCount "58"]
[EventDate "2012.10.14"]

1. d4 d5 2. Nf3 Nf6 3. c4 e6 4. Nc3 Nbd7 5. cxd5 exd5 6. Bg5 c6 7. e3 Be7 8.
Qc2 O-O 9. Bd3 Re8 10. O-O Nf8 11. Rab1 a5 12. a3 Ne4 13. Bxe7 Qxe7 14. Bxe4
dxe4 15. Nd2 f5 16. b4 Be6 17. Na4 axb4 18. axb4 Ng6 19. Nc5 Bd5 20. g3 Ra2 21.
Qc3 Qg5 22. Ra1 Rxd2 23. Qxd2 Nh4 24. f4 exf3 25. Kf2 Ng2 26. Ra3 Qh6 27. Rh1
Qh3 28. Qc1 Nxe3 29. Rxe3 Qg2+ 0-1

[Event "Druga liga Srbije grupa Vojvodina 2012"]
[Site "Kac"]
[Date "2012.10.17"]
[Round "5.4"]
[White "Gavric, Zivojin"]
[Black "Matic, Radovan"]
[Result "0-1"]
[WhiteElo "2128"]
[BlackElo "2159"]
[PlyCount "112"]
[EventDate "2012.10.14"]

1. e4 e6 2. d3 d5 3. Nd2 dxe4 4. dxe4 b6 5. g3 Bb7 6. Bg2 Nf6 7. Ne2 Be7 8. O-O
e5 9. f3 Nc6 10. c3 Qd7 11. Nb3 Rd8 12. Qxd7+ Rxd7 13. Be3 a5 14. Rad1 a4 15.
Nbc1 Ba6 16. Rxd7 Nxd7 17. Rd1 Nc5 18. Kf2 Bc4 19. f4 Bd6 20. f5 h5 21. h3 Ke7
22. g4 hxg4 23. hxg4 f6 24. Ng3 Kf7 25. g5 fxg5 26. Bxg5 Be7 27. Be3 Bd6 28.
Nf1 Kf6 29. Nd2 Bf7 30. b4 axb3 31. axb3 Ne7 32. b4 Na4 33. Nf3 Bc4 34. Bd2 g6
35. Bg5+ Kf7 36. Nd2 Nb2 37. Rg1 c5 38. Nxc4 Nxc4 39. Bf1 b5 40. Nd3 cxb4 41.
Nxb4 Bc5+ 42. Kg2 Bxg1 43. Kxg1 gxf5 44. Bxe7 Kxe7 45. exf5 Nd6 46. Nd5+ Kf7
47. Kf2 Rc8 48. f6 Rc5 49. Bg2 e4 50. Nf4 Kxf6 51. Ke3 Rxc3+ 52. Kd4 Rc4+ 53.
Kd5 Ne8 54. Bf1 Nc7+ 55. Kd6 Rc1 56. Bg2 e3 0-1

[Event "Druga liga Srbije grupa Vojvodina 2012"]
[Site "Kac"]
[Date "2012.10.17"]
[Round "5.5"]
[White "Dumpor, Atif"]
[Black "Leskur, Dejan"]
[Result "1/2-1/2"]
[WhiteElo "2359"]
[BlackElo "2376"]
[PlyCount "68"]
[EventDate "2012.10.14"]

1. Nf3 g6 2. d4 Bg7 3. e4 d6 4. Nc3 a6 5. a4 Bg4 6. Bc4 e6 7. Be3 c6 8. Bb3 d5
9. h3 Bxf3 10. Qxf3 Nf6 11. O-O O-O 12. Rad1 dxe4 13. Nxe4 Nxe4 14. Qxe4 Nd7
15. Rfe1 Nf6 16. Qf3 Nd5 17. Bc1 Qf6 18. Qg3 Qd8 19. Bg5 Bf6 20. h4 b5 21. Re4
h5 22. Rd3 Qb8 23. Bf4 Qd8 24. Bd6 Re8 25. Rf3 Ra7 26. Bxd5 cxd5 27. Rxf6 Qxf6
28. Rf4 Qg7 29. Be5 Qh6 30. Rf6 bxa4 31. Bf4 Qg7 32. Be5 Qh6 33. Bf4 Qg7 34.
Be5 Qh6 1/2-1/2

[Event "Druga liga Srbije grupa Vojvodina 2012"]
[Site "Kac"]
[Date "2012.10.17"]
[Round "5.5"]
[White "Torbica, Milos"]
[Black "Ratkovic, Milovan"]
[Result "1-0"]
[WhiteElo "2279"]
[BlackElo "2272"]
[PlyCount "111"]
[EventDate "2012.10.14"]

1. d4 d5 2. Nf3 Nf6 3. c4 c6 4. Nc3 e6 5. cxd5 exd5 6. Bg5 Nbd7 7. e3 Be7 8.
Bd3 O-O 9. O-O Re8 10. Qc2 Nf8 11. h3 Ng6 12. a3 a5 13. Rab1 Ne4 14. Bxe7 Qxe7
15. Rfe1 f5 16. b4 axb4 17. axb4 Ra3 18. Rb3 Rxb3 19. Qxb3 Nh4 20. Nxh4 Qxh4
21. Qc2 Ng5 22. Re2 Rf8 23. f4 Ne6 24. Bxf5 Nxd4 25. Bxh7+ Qxh7 26. Qxh7+ Kxh7
27. exd4 Rxf4 28. Re8 Bd7 29. Re7 Bf5 30. Ne2 Re4 31. Rxe4 Bxe4 32. Kf2 Kg6 33.
g4 Kf6 34. h4 b6 35. Ng3 Bc2 36. g5+ Ke6 37. Ke3 Kd6 38. h5 c5 39. dxc5+ bxc5
40. bxc5+ Kxc5 41. Kf4 d4 42. Ke5 Kc6 43. Ne4 Bb3 44. h6 gxh6 45. gxh6 Bg8 46.
Kxd4 Bh7 47. Nf6 Bg6 48. Ke5 Kc7 49. Ke6 Kd8 50. Nd5 Ke8 51. Kf6 Bh7 52. Kg7
Bf5 53. Nf4 Bh7 54. Kxh7 Kf7 55. Ne6 Kf6 56. Kg8 1-0

[Event "Druga liga Srbije grupa Vojvodina 2012"]
[Site "Kac"]
[Date "2012.10.17"]
[Round "5.5"]
[White "Orlov, Konstantin"]
[Black "Desnica, Vladan"]
[Result "1/2-1/2"]
[WhiteElo "2247"]
[BlackElo "2236"]
[PlyCount "62"]
[EventDate "2012.10.14"]

1. d4 Nf6 2. c4 e6 3. Nc3 d5 4. Nf3 Be7 5. Bf4 O-O 6. e3 b6 7. cxd5 Nxd5 8.
Nxd5 Qxd5 9. Bd3 Qa5+ 10. Kf1 Ba6 11. Kg1 Bxd3 12. Qxd3 c5 13. Qe4 Nd7 14. Qb7
Rad8 15. Bc7 Rde8 16. h3 cxd4 17. exd4 Nf6 18. Kh2 Nd5 19. Bg3 Rc8 20. Rac1
Rxc1 21. Rxc1 Qxa2 22. Rc8 f6 23. Qd7 Rxc8 24. Qxe6+ Kf8 25. Qxc8+ Kf7 26. Qf5
g6 27. Ng5+ Kg7 28. Ne6+ Kf7 29. Ng5+ Kg7 30. Ne6+ Kf7 31. Ng5+ Kg7 1/2-1/2

[Event "Druga liga Srbije grupa Vojvodina 2012"]
[Site "Kac"]
[Date "2012.10.17"]
[Round "5.5"]
[White "Andrejevic, Milorad"]
[Black "Ratkovic, Miloje"]
[Result "1/2-1/2"]
[WhiteElo "2255"]
[BlackElo "2202"]
[PlyCount "75"]
[EventDate "2012.10.14"]

1. e4 c6 2. d4 d5 3. Nc3 dxe4 4. Nxe4 Bf5 5. Ng3 Bg6 6. h4 h6 7. h5 Bh7 8. Nf3
Nf6 9. Bd3 Bxd3 10. Qxd3 e6 11. Bd2 c5 12. O-O-O Nc6 13. Bc3 Qd5 14. Qb5 c4 15.
Qxb7 Nb4 16. Qxd5 Nxa2+ 17. Kd2 Nxd5 18. Ra1 Naxc3 19. bxc3 Bd6 20. Ne2 Kd7 21.
Ra6 Rhc8 22. Rha1 Rc7 23. Ne5+ Bxe5 24. dxe5 Kc8 25. Nd4 Rd7 26. R1a4 Kb7 27.
R6a5 Nb6 28. Ra3 a6 29. Ke3 Rd5 30. Ke4 Rxa5 31. Rxa5 Rc8 32. f4 Nd5 33. Ra3
Nc7 34. Ra1 Nb5 35. Nxb5 axb5 36. Rd1 Kc7 37. Ra1 Kb6 38. Rd1 1/2-1/2

[Event "Druga liga Srbije grupa Vojvodina 2012"]
[Site "Kac"]
[Date "2012.10.17"]
[Round "5.5"]
[White "Kostic, Branimir"]
[Black "Medar, Zeljko"]
[Result "0-1"]
[WhiteElo "2234"]
[BlackElo "2229"]
[PlyCount "103"]
[EventDate "2012.10.14"]

1. d4 Nf6 2. c4 d6 3. Nc3 c6 4. e4 a6 5. a4 Qa5 6. Bd2 Qb6 7. Nge2 a5 8. f3 Na6
9. Be3 Nb4 10. Qd2 Qc7 11. Rc1 e5 12. g3 Be7 13. Bg2 O-O 14. O-O Bd7 15. d5 Qd8
16. h3 cxd5 17. exd5 Qc8 18. Kh2 Qxc4 19. f4 Nd3 20. Rcd1 exf4 21. Nxf4 Ne5 22.
Nfe2 Bxa4 23. Nxa4 Qxa4 24. Rf4 Qa2 25. Nc1 Qb1 26. Bd4 Qg6 27. Rdf1 Rfc8 28.
Bc3 Qh6 29. Qe2 Nfd7 30. Be4 Bg5 31. Qg2 Re8 32. Ne2 Bxf4 33. gxf4 Ng6 34. Ng3
Nxf4 35. Nf5 Nxg2 36. Nxh6+ gxh6 37. Bf5 Re2 38. Rg1 Ne5 39. Rxg2+ Rxg2+ 40.
Kxg2 f6 41. Kf2 b5 42. Bd2 Kg7 43. Ke2 Nc4 44. Bc1 Re8+ 45. Kd3 Re1 46. Kc2
Ne3+ 47. Bxe3 Rxe3 48. Bd7 b4 49. b3 Kg6 50. h4 f5 51. Kb2 Rc3 52. Be6 0-1

[Event "Druga liga Srbije grupa Vojvodina 2012"]
[Site "Kac"]
[Date "2012.10.17"]
[Round "5.5"]
[White "Popovic, Milan S"]
[Black "Milojevic, Dusan"]
[Result "0-1"]
[WhiteElo "2087"]
[BlackElo "2188"]
[PlyCount "102"]
[EventDate "2012.10.14"]

1. e4 c5 2. Nc3 a6 3. Nge2 d6 4. g3 b5 5. Bg2 Bb7 6. O-O h5 7. h3 b4 8. Nd5 e6
9. Ne3 Nf6 10. d3 Nc6 11. f4 Qc7 12. c3 a5 13. g4 hxg4 14. hxg4 Be7 15. Ng3
O-O-O 16. g5 Nd7 17. a3 Nb6 18. axb4 axb4 19. Bd2 Kb8 20. Nc2 d5 21. e5 d4 22.
cxb4 cxb4 23. Rc1 Nd5 24. Ne4 Qb6 25. Qe2 Na5 26. Be1 Rc8 27. Bg3 Nb3 28. Rce1
Rc7 29. Na1 Nxa1 30. Rxa1 Rhc8 31. Rf2 Ne3 32. Qf3 Rc1+ 33. Rxc1 Rxc1+ 34. Kh2
g6 35. Re2 b3 36. Bf2 Nf5 37. Qg4 Rc2 38. Ng3 Bxg2 39. Kxg2 Qc6+ 40. Ne4 Bb4
41. Qf3 Kc7 42. Kf1 Qa8 43. Kg2 Rc1 44. Nd2 Qh8 45. Nf1 Rc2 46. Kg1 Qh5 47.
Qxh5 gxh5 48. Re4 Rxb2 49. Ng3 Nxg3 50. Bxg3 Rc2 51. Rxd4 Bc5 0-1

[Event "Druga liga Srbije grupa Vojvodina 2012"]
[Site "Kac"]
[Date "2012.10.17"]
[Round "5.6"]
[White "Bodiroga, Predrag"]
[Black "Galyas, Miklos"]
[Result "1/2-1/2"]
[WhiteElo "2394"]
[BlackElo "2423"]
[PlyCount "22"]
[EventDate "2012.10.14"]

1. d4 d5 2. Bf4 Nf6 3. e3 Bf5 4. c4 c6 5. Qb3 Qb6 6. Nc3 Qxb3 7. axb3 Nbd7 8.
cxd5 Nxd5 9. Nxd5 cxd5 10. Bb5 a6 11. Ke2 Rc8 1/2-1/2

[Event "Druga liga Srbije grupa Vojvodina 2012"]
[Site "Kac"]
[Date "2012.10.17"]
[Round "5.6"]
[White "Sekulic, Dusan"]
[Black "Titov, Ivan"]
[Result "1/2-1/2"]
[WhiteElo "2304"]
[BlackElo "2173"]
[PlyCount "22"]
[EventDate "2012.10.14"]

1. d4 Nf6 2. Nf3 c5 3. d5 b5 4. Bg5 Qb6 5. Nc3 b4 6. Na4 Qa5 7. b3 d6 8. Nb2
Nbd7 9. Nc4 Qc7 10. Qd3 g6 11. e4 Bg7 1/2-1/2